[Event "DRUZYNOWE MISTRZOSTWA POLSKI JUNIOROW - II LIGA"]
[Site "Szczyrk, CKiR Orle Gniazdo ul. Wrzosowa 28a"]
[Date "2014-07-30"]
[Round "6.1"]
[White "Tomaszewski, Kacper"]
[Black "Ulanowski, Karol"]
[Result "1-0"]
[WhiteTitle "I++"]
[BlackTitle "k"]
[WhiteElo "2012"]
[BlackElo "2124"]

1. d4 Nf6 2. c4 g6 3. Nc3 Bg7 4. e4 d6 5. Be2 O-O 6. Nf3 Na6 7. O-O e5 8. Be3 Ng4
9. Bg5 Qe8 10. dxe5 dxe5 11. h3 Nf6 12. Be3 b6 13. a3 Bb7 14. Qc2 Nc5 15. Bxc5
bxc5 16. Nd5 Qd8 17. Rfd1 Nd7 18. Ne1 c6 19. Nc3 Qe7 20. Nd3 a5 21. Na4 f5 22.
Bf3 Rf6 23. Re1 Re6 24. Rad1 Bf8 25. Nc1 Rf6 26. Nb3 Bc8 27. Rd3 Qf7 28. Red1
Ra7 29. Nbxc5 Nxc5 30. Nxc5 Bxc5 31. Rd8+ Kg7 32. Rxc8 Bd4 33. exf5 Qd7 34. Rb8
gxf5 35. c5 a4 36. Be2 Rb7 37. Ra8 Rxb2 1-0

[Event "DRUZYNOWE MISTRZOSTWA POLSKI JUNIOROW - II LIGA"]
[Site "Szczyrk, CKiR Orle Gniazdo ul. Wrzosowa 28a"]
[Date "2014-07-30"]
[Round "6.2"]
[White "Wyczling, Bartosz"]
[Black "Maj, Kornel"]
[Result "1/2-1/2"]
[WhiteTitle "I"]
[BlackTitle "II"]
[WhiteElo "1766"]
[BlackElo "1907"]

1. d4 Nf6 2. c4 e6 3. Nc3 Bb4 4. Qc2 c5 5. dxc5 Bxc5 6. Nf3 h6 7. e3 O-O 8. Bd3
Nc6 9. a3 d5 10. cxd5 exd5 11. O-O Bg4 12. Be2 Qe7 13. b4 Bb6 14. b5 Ne5 15. Nxe5
Qxe5 16. Bb2 Rac8 17. Bd3 Bc7 18. g3 Qh5 19. Be2 Qh3 20. f3 Bh5 21. Bd3 Qe6 22.
Rae1 Qd6 23. Bf5 Rce8 24. Kg2 Bb6 25. Nd1 Nd7 26. Qc3 f6 27. Qd2 Ne5 28. Bd3 Qe6
29. Bd4 Bc7 30. Bc5 Bd6 31. Bxd6 Qxd6 32. a4 Rd8 33. Nb2 g5 34. g4 Bf7 35. Bb1
Ng6 36. Bxg6 Bxg6 37. Rd1 Rf7 38. Qd4 Rc7 39. Rc1 Rdc8 40. Rxc7 Rxc7 41. Rf2 Kg7
42. e4 Qc5 43. Qxd5 Qc1 44. e5 fxe5 45. Qxe5+ Kh7 46. Qd4 b6 47. Nd3 Qd1 48. Qe5
Rc2 49. Qe7+ Kg8 50. Qd8+ Kg7 51. Qe7+ Kg8 52. Qd8+ Kg7 53. Qd4+ 1/2-1/2

[Event "DRUZYNOWE MISTRZOSTWA POLSKI JUNIOROW - II LIGA"]
[Site "Szczyrk, CKiR Orle Gniazdo ul. Wrzosowa 28a"]
[Date "2014-07-30"]
[Round "6.3"]
[White "Bilczewski, Kacper"]
[Black "Belczewski, Jacek"]
[Result "1/2-1/2"]
[WhiteTitle "I"]
[BlackTitle "I"]
[WhiteElo "1834"]
[BlackElo "1753"]

1. e4 e6 2. d4 d5 3. exd5 exd5 4. Bd3 Bd6 5. Nc3 c6 6. Qf3 Qf6 7. Qxf6 Nxf6 8.
Nge2 Bg4 9. f3 Bh5 10. Nf4 Bg6 11. Nxg6 hxg6 12. h3 Nbd7 13. Kf2 O-O-O 14. Bg5
Rde8 15. Rhe1 Nh5 16. Rxe8+ Rxe8 17. Ne2 Be7 18. Bd2 Bd6 19. c3 Nf8 20. g4 Nf6
21. Nf4 Ne6 22. Nxe6 Rxe6 23. Re1 Rxe1 24. Kxe1 Kd7 25. Kf2 Ne8 26. f4 Be7 27.
f5 g5 28. Kf3 Nd6 29. b3 Ne8 30. c4 Nc7 31. Be1 Bf6 32. Bf2 Be7 33. c5 Bf6 34.
a4 Kd8 35. Ke3 Kd7 36. b4 a6 37. Bg3 Bd8 38. Be5 Ne8 39. b5 axb5 40. axb5 f6 41.
Bg3 Bc7 42. Bf2 Bf4+ 43. Ke2 Nc7 44. b6 Ne8 45. Kd1 Kc8 46. Kc2 Kb8 47. Kb3 Kc8
48. Kc2 Kd7 49. Kd1 Kc8 50. Ke2 Kd7 51. Kf3 Kc8 52. h4 Kd7 53. Ke2 Kc8 54. Bb1
Kd7 55. Ba2 Kc8 56. Bb3 Kd7 57. Kd3 Kc8 58. Bd1 Kd7 59. Bf3 Kc8 60. Bg2 Kd7 1/2-1/2

[Event "DRUZYNOWE MISTRZOSTWA POLSKI JUNIOROW - II LIGA"]
[Site "Szczyrk, CKiR Orle Gniazdo ul. Wrzosowa 28a"]
[Date "2014-07-30"]
[Round "6.5"]
[White "Bilczewska, Olga"]
[Black "Olechnicka, Karolina"]
[Result "0-1"]
[WhiteTitle "II"]
[BlackTitle "I++"]
[WhiteElo "1268"]
[BlackElo "1723"]

1. e4 c5 2. c3 d5 3. exd5 Qxd5 4. d4 cxd4 5. cxd4 Nc6 6. Nf3 Bg4 7. Be2 Nf6 8.
Nc3 Qa5 9. h3 Bh5 10. O-O e6 11. Bd2 Qd8 12. Be3 Nd5 13. Qb3 Nxe3 14. fxe3 Qc7
15. Rac1 Rd8 16. Bb5 Bxf3 17. Rxf3 a6 18. Bd3 Ne5 19. dxe5 Rxd3 20. Qa4+ Qd7 21.
Qf4 b5 22. Ne4 Rd1+ 23. Rxd1 Qxd1+ 24. Rf1 Qd7 25. Ng5 Bc5 26. Qe4 Rf8 27. Nxh7
Rh8 28. Ng5 Rf8 29. Kh2 Qa7 30. Qc6+ Ke7 31. e4 Qb6 32. Qxb6 Bxb6 33. Rd1 a5 34.
Kg3 Rc8 35. Rd2 Be3 36. Rd6 Bxg5 37. Rb6 Rc5 38. Rb7+ Ke8 39. Kg4 Rxe5 40. h4
Bd8 41. Kf4 Rc5 42. g4 Bxh4 43. e5 Bd8 44. Rb8 b4 45. Rb7 Rc2 46. b3 Rxa2 47.
Rb5 Rb2 48. Rc5 Rxb3 49. Rc2 a4 50. Rh2 a3 51. Rh7 a2 52. Rxg7 a1=Q 0-1

[Event "DRUZYNOWE MISTRZOSTWA POLSKI JUNIOROW - II LIGA"]
[Site "Szczyrk, CKiR Orle Gniazdo ul. Wrzosowa 28a"]
[Date "2014-07-30"]
[Round "6.6"]
[White "Zalewska, Katarzyna"]
[Black "Stebel, Agata"]
[Result "1/2-1/2"]
[WhiteTitle "I"]
[BlackTitle "I"]
[WhiteElo "1360"]
[BlackElo "1616"]

1. d4 Nf6 2. Bg5 d5 3. Bxf6 exf6 4. Nf3 Be7 5. e3 O-O 6. c4 dxc4 7. Bxc4 c5 8.
Nc3 Nc6 9. dxc5 Bxc5 10. O-O Be6 11. Qxd8 Rfxd8 12. Be2 Ne5 13. Rfd1 Nc4 14. b3
Ne5 15. Rxd8+ Rxd8 16. Rd1 Rxd1+ 17. Bxd1 Kf8 18. Kf1 Bf5 19. e4 Be6 20. Be2 Ng4
21. Na4 Bb4 22. h3 Ne5 23. Nd4 Bd7 24. Nc2 Bd6 25. Nc3 Bc6 26. f3 Bc5 27. a3 a6
28. a4 a5 29. Ke1 Ke7 30. Kd2 Kd6 31. Nb5+ Ke7 32. Nbd4 Bd7 33. Nf5+ Bxf5 34.
exf5 Kd6 35. Ne3 Bb4+ 36. Kc2 Kc5 37. Nc4 Nxc4 38. Bxc4 Kd4 39. Bxf7 Ke3 40. Bd5
b6 41. g4 Be1 42. Be4 h6 43. Bc6 Bb4 44. h4 Be1 45. h5 Bb4 1/2-1/2

[Event "DRUZYNOWE MISTRZOSTWA POLSKI JUNIOROW - II LIGA"]
[Site "Szczyrk, CKiR Orle Gniazdo ul. Wrzosowa 28a"]
[Date "2014-07-30"]
[Round "6.7"]
[White "Madej, Roman"]
[Black "Ziabek, Patryk"]
[Result "0-1"]
[WhiteTitle "I"]
[BlackTitle "I"]
[WhiteElo "1756"]
[BlackElo "1896"]

1. d4 Nf6 2. c4 g6 3. Nc3 d5 4. Qb3 dxc4 5. Qxc4 Bg7 6. e4 Nfd7 7. Be3 O-O 8. Nf3
Nb6 9. Qd3 Nc6 10. Be2 f5 11. exf5 Bxf5 12. Qd2 a6 13. O-O Qd7 14. d5 Nb4 15.
Bxb6 cxb6 16. Bc4 b5 17. Bb3 Nd3 18. Nd1 Nc5 19. Ne3 Nxb3 20. axb3 Qd6 21. Rfe1
Rad8 22. Rad1 Bc8 23. h3 Bxh3 24. gxh3 Rxf3 25. Kg2 Rdf8 26. Ng4 Rxb3 27. Re6
Qd7 28. Qe1 Rf7 29. d6 Qc6+ 30. Kh2 Rff3 31. Re3 Rbxe3 32. Nxe3 exd6 33. Nd5 Qd7
34. Kg1 Be5 35. Qxe5 dxe5 36. Nf6+ Rxf6 37. Rxd7 Rf7 38. Rd5 Re7 39. Kf1 Kf7 40.
Ke2 Ke6 41. Rd8 Rd7 42. Re8+ Kd5 43. Kd3 a5 44. f3 a4 45. Kc3 Rf7 0-1

[Event "DRUZYNOWE MISTRZOSTWA POLSKI JUNIOROW - II LIGA"]
[Site "Szczyrk, CKiR Orle Gniazdo ul. Wrzosowa 28a"]
[Date "2014-07-30"]
[Round "6.8"]
[White "Janiszewski, Filip"]
[Black "Golenia, Jan"]
[Result "1-0"]
[WhiteTitle "I"]
[BlackTitle "II+"]
[WhiteElo "1825"]
[BlackElo "1624"]

1. e4 c5 2. Nf3 Nc6 3. d4 cxd4 4. Nxd4 e5 5. Nb5 a6 6. Nd6+ Bxd6 7. Qxd6 Qf6 8.
Qd2 Qg6 9. Nc3 Nge7 10. h4 h5 11. Qg5 Qxg5 12. Bxg5 f6 13. Be3 b5 14. O-O-O Bb7
15. f3 Rc8 16. Bb6 Nd8 17. g3 Ne6 18. Bh3 Bc6 19. Rd6 Kf7 20. Rhd1 g6 21. Nd5
Rhg8 22. Bxe6+ dxe6 23. Nc7 g5 24. Nxe6 gxh4 25. Nd8+ Kg7 26. gxh4 Ng6 27. Nxc6
Rgf8 28. Rg1 Kh7 29. Rd7+ Kh6 30. Be3+ Nf4 31. Bxf4+ exf4 32. Ne7 Rc5 33. Rg6+
Kh7 34. Nf5+ Kxg6 35. Rg7# 1-0

[Event "DRUZYNOWE MISTRZOSTWA POLSKI JUNIOROW - II LIGA"]
[Site "Szczyrk, CKiR Orle Gniazdo ul. Wrzosowa 28a"]
[Date "2014-07-30"]
[Round "6.9"]
[White "Golenia, Wojciech"]
[Black "Dixa, Oskar"]
[Result "1-0"]
[WhiteTitle "II+"]
[BlackTitle "I"]
[WhiteElo "1700"]
[BlackElo "1496"]

1. e4 c5 2. Nf3 e6 3. d4 cxd4 4. Nxd4 a6 5. Nc3 Qc7 6. Be2 Nf6 7. Qd3 Nc6 8. Nxc6
bxc6 9. Be3 Be7 10. O-O O-O 11. f4 d6 12. Rf3 Rd8 13. f5 d5 14. exd5 Nxd5 15.
fxe6 Bxe6 16. Nxd5 Rxd5 17. Qe4 Qe5 18. Bd3 f5 19. Qxe5 Rxe5 20. Bd4 Bc5 21. Bxc5
Rxc5 22. Re1 Kf7 23. b4 Rd5 24. Bc4 Rd6 25. Rxf5+ Kg6 26. Rxe6+ Rxe6 27. Bxe6
Rd8 28. Rf1 Rd4 29. c3 Rd2 30. Bc4 Rb2 31. Bxa6 Rxa2 32. Bb7 Rc2 33. Bxc6 Rxc3
34. b5 Rc5 35. Be8+ Kh6 36. b6 Rc8 37. Bd7 Rb8 38. Rb1 Kg6 39. b7 Kf6 40. Bc8
1-0

[Event "DRUZYNOWE MISTRZOSTWA POLSKI JUNIOROW - II LIGA"]
[Site "Szczyrk, CKiR Orle Gniazdo ul. Wrzosowa 28a"]
[Date "2014-07-30"]
[Round "6.10"]
[White "Skurniak, Szymon"]
[Black "Gawor, Jan Pawel"]
[Result "0-1"]
[WhiteTitle "II+"]
[BlackTitle "II"]
[WhiteElo "1351"]
[BlackElo "1551"]

1. e4 c5 2. Nf3 Nc6 3. d4 cxd4 4. Nxd4 Nf6 5. f3 e5 6. Nb5 d5 7. exd5 Nd4 8. Nxd4
exd4 9. Qxd4 Qxd5 10. Qxd5 Nxd5 11. Bc4 Nb4 12. Na3 Bc5 13. Bf4 O-O 14. O-O-O
a6 15. c3 Nc6 16. Nc2 Re8 17. Rhe1 Rxe1 18. Rxe1 Bf5 19. g4 Bg6 20. a3 h6 21.
Nb4 Bxb4 22. axb4 Rd8 23. Bc7 Rc8 24. Bd6 Nd4 25. Be2 Nb3+ 26. Kd1 Rd8 27. Bc4
Rxd6+ 28. Ke2 Nd2 29. Ba2 Bd3+ 30. Kxd2 Bb1+ 31. Kc1 Bxa2 32. Kc2 Be6 33. h3 f5
34. b3 fxg4 35. fxg4 b5 36. Re4 h5 37. c4 bxc4 38. bxc4 hxg4 39. hxg4 Rc6 40.
c5 Kf7 41. g5 Bf5 42. Kd3 Bxe4+ 43. Kxe4 Ke6 44. g6 a5 45. bxa5 Rxc5 46. a6 Ra5
47. Kf4 Kf6 48. Kg4 Kxg6 49. Kf4 Rxa6 50. Ke5 Kh5 51. Kd5 g5 52. Kc5 g4 53. Kb5
g3 54. Kxa6 g2 55. Kb6 g1=Q+ 56. Kc6 Qd4 57. Kc7 Qd5 58. Kb8 Qd7 59. Ka8 Kg5 60.
Kb8 Kf5 0-1

[Event "DRUZYNOWE MISTRZOSTWA POLSKI JUNIOROW - II LIGA"]
[Site "Szczyrk, CKiR Orle Gniazdo ul. Wrzosowa 28a"]
[Date "2014-07-30"]
[Round "6.11"]
[White "Tracz, Marcelina"]
[Black "Gudelajtis, Anna"]
[Result "1-0"]
[WhiteTitle "I++"]
[BlackTitle "I"]
[WhiteElo "1760"]
[BlackElo "1507"]

1. e4 d5 2. exd5 Qxd5 3. Nc3 Qd6 4. d4 Nf6 5. Bd3 c6 6. Nge2 Bg4 7. f3 Bh5 8. Bf4
Qd8 9. O-O e6 10. Ne4 Nd5 11. Qd2 Nxf4 12. Qxf4 Be7 13. Qe5 Bg6 14. Qxg7 Rf8 15.
Qe5 Nd7 16. Qg3 Nf6 17. c3 Qd7 18. Nxf6+ Bxf6 19. Bxg6 hxg6 20. Qf4 Be7 21. b4
O-O-O 22. a4 Bd6 23. Qe3 Rh8 24. g3 Rh5 25. Nf4 Rh7 26. b5 Rdh8 27. Rf2 Qc7 28.
bxc6 Qxc6 29. Rg2 Qc4 30. Qe4 Kc7 31. Rb1 Qc6 32. Rgb2 b6 33. a5 Rb8 34. axb6+
axb6 35. Ra1 Rhh8 36. Kg2 Rb7 37. d5 exd5 38. Nxd5+ Kd7 39. Nxb6+ Rxb6 40. Ra7+
Kc8 41. Ra8+ Bb8 42. Qxc6+ Rxc6 43. Raxb8+ Kd7 44. Rxh8 Rxc3 45. Re2 Rc7 46. Rhe8
Kd6 47. Rd8+ Kc6 48. Rc2+ 1-0

[Event "DRUZYNOWE MISTRZOSTWA POLSKI JUNIOROW - II LIGA"]
[Site "Szczyrk, CKiR Orle Gniazdo ul. Wrzosowa 28a"]
[Date "2014-07-30"]
[Round "6.12"]
[White "Wawrzyniak, Weronika"]
[Black "Debowska, Michalina"]
[Result "1-0"]
[WhiteTitle "II"]
[BlackTitle "II"]
[WhiteElo "1216"]
[BlackElo "1453"]

1. e4 c5 2. Nf3 Nc6 3. d4 cxd4 4. Nxd4 Nf6 5. f3 Qb6 6. Nb3 e6 7. Nc3 Be7 8. Qe2
O-O 9. Be3 Qc7 10. O-O-O a6 11. g4 b5 12. Qf2 Rb8 13. h4 Na5 14. Qh2 Nxb3+ 15.
axb3 Qxh2 16. Rxh2 d6 17. Rhd2 Bb7 18. Be2 Rfc8 19. Rh1 Nd7 20. Bf4 e5 21. Bg3
Nc5 22. b4 Ne6 23. Nd5 Bxd5 24. exd5 Nd4 25. Kb1 Nxe2 26. Rxe2 Rc4 27. c3 Kf8
28. Re4 Rbc8 29. Rhe1 g6 30. f4 Rxe4 31. Rxe4 f5 32. gxf5 gxf5 33. Re2 e4 34.
Kc2 Bf6 35. Kb3 Ke7 36. h5 Rg8 37. Bh2 Kd7 38. Ka3 Kc7 39. Kb3 Rg4 40. Ka3 Rh4
41. Bg3 Rxh5 42. Kb3 Rh3 43. Bf2 Rh2 44. Bb6+ Kxb6 45. Rxh2 h5 46. Rxh5 e3 47.
Rh1 Bg7 48. Kc2 a5 49. bxa5+ Kxa5 50. Kd3 b4 51. Kxe3 bxc3 52. bxc3 Bxc3 53. Rh5
Bb2 54. Rxf5 1-0

[Event "DRUZYNOWE MISTRZOSTWA POLSKI JUNIOROW - II LIGA"]
[Site "Szczyrk, CKiR Orle Gniazdo ul. Wrzosowa 28a"]
[Date "2014-07-30"]
[Round "6.13"]
[White "Klimek, Marcin"]
[Black "Knapik, Andrzej"]
[Result "0-1"]
[WhiteTitle "I"]
[BlackTitle "I"]
[WhiteElo "1800"]
[BlackElo "1922"]

1. e4 e6 2. d4 d5 3. Nc3 Bb4 4. e5 c5 5. a3 Bxc3+ 6. bxc3 Qc7 7. Qg4 f5 8. Qg3
g6 9. Bd2 Nc6 10. Nf3 Bd7 11. h4 O-O-O 12. h5 Nge7 13. Bb5 Kb8 14. Bxc6 Nxc6 15.
Bg5 Rc8 16. Bf6 Rhg8 17. h6 cxd4 18. Ng5 Na5 19. Nxh7 Bb5 20. Ng5 d3 21. O-O dxc2
22. Nxe6 Qb6 23. h7 Qxe6 24. hxg8=Q Rxg8 25. Rac1 Bxf1 26. Kxf1 Nc4 27. Rxc2 Nxa3
28. Ra2 Nc4 29. Qf4 Re8 30. Qd4 Qb6 31. Qxb6 Nxb6 32. f4 Nc4 33. Ke2 a5 34. Kd3
Kc7 35. g4 fxg4 36. Rg2 a4 37. Rxg4 a3 38. Rxg6 a2 39. Rg1 Rg8 40. Ra1 Rg2 41.
e6 Rd2# 0-1

[Event "DRUZYNOWE MISTRZOSTWA POLSKI JUNIOROW - II LIGA"]
[Site "Szczyrk, CKiR Orle Gniazdo ul. Wrzosowa 28a"]
[Date "2014-07-30"]
[Round "6.15"]
[White "Raclawicki, Kacper"]
[Black "Pniaczek, Marek"]
[Result "1/2-1/2"]
[WhiteTitle "I"]
[BlackTitle "II+"]
[WhiteElo "1540"]
[BlackElo "1585"]

1. e4 c5 2. Nf3 e6 3. d4 cxd4 4. Nxd4 Nf6 5. Bd3 Nc6 6. Nxc6 dxc6 7. Be3 e5 8.
O-O Ng4 9. Qe2 Nxe3 10. Qxe3 Qb6 11. Qxb6 axb6 12. Bc4 Bc5 13. Kh1 Ke7 14. Nd2
b5 15. Bb3 Be6 16. a3 Rhd8 17. Nf3 f6 18. Bxe6 Kxe6 19. Kg1 Rd7 20. Rad1 Rad8
21. Rxd7 Rxd7 22. Re1 g6 23. Re2 Rd1+ 24. Re1 Rxe1+ 25. Nxe1 f5 26. exf5+ gxf5
27. Kf1 e4 28. Ke2 Bd6 29. g3 Be5 30. c3 Kd5 31. Kd2 f4 32. Ng2 fxg3 33. fxg3
Bg7 34. Ne3+ Ke5 35. Ke2 c5 36. b3 h5 37. h3 Bf6 38. g4 h4 39. c4 bxc4 40. Nxc4+
Kf4 41. Nd6 Bd4 42. Nf5 Bf6 43. a4 Bd8 44. Nd6 b6 45. Nc4 Kg3 46. Nxb6 Kxh3 47.
Nd7 Kxg4 48. Nxc5 h3 49. Nxe4 h2 50. Nf2+ Kg3 51. Kf1 Bb6 52. Nh1+ Kf3 53. b4
Ke4 54. a5 Bxa5 55. bxa5 Kd5 56. Kg2 Kc5 1/2-1/2

[Event "DRUZYNOWE MISTRZOSTWA POLSKI JUNIOROW - II LIGA"]
[Site "Szczyrk, CKiR Orle Gniazdo ul. Wrzosowa 28a"]
[Date "2014-07-30"]
[Round "6.16"]
[White "Kucharska, Honorata"]
[Black "Paliszewski, Dominik"]
[Result "1-0"]
[WhiteTitle "I+"]
[BlackTitle "II"]
[WhiteElo "1718"]
[BlackElo "1621"]

1. e4 c6 2. d4 d5 3. exd5 cxd5 4. Bd3 Nc6 5. c3 g6 6. h3 Bg7 7. Nf3 Nh6 8. Bf4
f6 9. Qe2 Nf7 10. Bb5 O-O 11. Bxc6 bxc6 12. O-O Re8 13. Na3 e5 14. dxe5 fxe5 15.
Bg3 Qb6 16. Rfe1 e4 17. Qd2 Ba6 18. Nh2 Bh6 19. Qc2 Bd3 20. Qb3 Bf8 21. Ng4 Re6
22. Nb1 h5 23. Ne3 Bd6 24. Bxd6 Nxd6 25. Nd2 Qc7 26. Qd1 Rf6 27. Nb3 Raf8 28.
Nc5 Qf7 29. Nxd3 exd3 30. Qxd3 Rxf2 31. b3 Ne4 32. Nf1 Rxg2+ 33. Kxg2 Qf2+ 34.
Kh1 Rf3 35. Re3 Ng3+ 36. Nxg3 Rxe3 37. Qxg6+ Kh8 38. Rg1 Qf3+ 39. Rg2 Re1+ 40.
Kh2 Qf4 41. Qxh5+ Kg7 42. Qg4+ Qxg4 43. hxg4 Kg6 44. Nf5 Kg5 45. Nd4 Re3 46. Rg3
Re4 47. Nxc6 a6 48. Nd4 a5 49. Nf3+ Kf4 50. g5 Re2+ 51. Rg2 Kxf3 52. Rxe2 Kxe2
53. g6 Kd3 54. g7 Kxc3 55. g8=Q d4 56. Qc4+ 1-0

[Event "DRUZYNOWE MISTRZOSTWA POLSKI JUNIOROW - II LIGA"]
[Site "Szczyrk, CKiR Orle Gniazdo ul. Wrzosowa 28a"]
[Date "2014-07-30"]
[Round "6.17"]
[White "Kopica, Paulina"]
[Black "Kasperek, Kinga"]
[Result "1-0"]
[WhiteTitle "I"]
[BlackTitle "I"]
[WhiteElo "1697"]
[BlackElo "1559"]

1. e4 c5 2. Nf3 Nc6 3. d4 cxd4 4. Nxd4 g6 5. Be2 Bg7 6. Nb3 Nf6 7. Nc3 O-O 8. O-O
d6 9. Bg5 a5 10. a4 Be6 11. Kh1 Rc8 12. f4 Nb4 13. Bf3 Bc4 14. Re1 Qc7 15. Rc1
Rfd8 16. Qd2 Qb6 17. Nd4 Qc5 18. Ndb5 d5 19. e5 Ne8 20. Bh4 Bxb5 21. Nxb5 Nc7
22. Bf2 Qc6 23. Na7 Qd7 24. Nxc8 Rxc8 25. c3 Nc6 26. Rcd1 e6 27. b4 axb4 28. cxb4
Bf8 29. b5 Ne7 30. Rc1 Nf5 31. g4 Ne7 32. Rc2 Bg7 33. g5 h6 34. h4 Ra8 35. Rec1
Rc8 36. Bc5 1-0

[Event "DRUZYNOWE MISTRZOSTWA POLSKI JUNIOROW - II LIGA"]
[Site "Szczyrk, CKiR Orle Gniazdo ul. Wrzosowa 28a"]
[Date "2014-07-30"]
[Round "6.18"]
[White "Pyzio, Amelia"]
[Black "Trusz, Julia"]
[Result "1/2-1/2"]
[WhiteTitle "I"]
[BlackTitle "I"]
[WhiteElo "1370"]
[BlackElo "1508"]

1. e4 c5 2. f4 Nc6 3. Nf3 g6 4. c3 Bg7 5. Bb5 d6 6. Bxc6+ bxc6 7. O-O Nf6 8. d3
O-O 9. Nbd2 Bg4 10. Qe1 Qb6 11. Kh1 Qa6 12. d4 cxd4 13. Nxd4 c5 14. N4f3 Bxf3
15. Rxf3 Qc6 16. Qe2 Rab8 17. Rf1 Rfe8 18. Qf3 a6 19. Re1 Rbd8 20. Nc4 Qb5 21.
Na3 Qc6 22. Bd2 Qd7 23. Nc2 Qg4 24. Qxg4 Nxg4 25. Kg1 Rb8 26. Bc1 Nf6 27. Na3
Nd7 28. Nc4 Nb6 29. Na5 Na4 30. Nb3 Nxc3 31. bxc3 Bxc3 32. Be3 Bxe1 33. Rxe1 c4
34. Nd4 Rb2 35. a3 Ra2 36. Bc1 Rc8 37. f5 c3 38. fxg6 hxg6 39. Ne2 c2 40. Nd4
Rc4 41. Nb3 Rc3 42. Nd4 Rc4 43. Nb3 Rc6 44. Nd4 Rb6 45. Ne2 Rb7 46. h3 Rc7 47.
Nd4 Rc4 48. Nb3 Rc8 49. Nd4 Rc4 50. Nb3 Rc7 51. Nd4 Rc4 52. Nb3 Rc7 53. Nd4 Rc4
54. Nb3 Rc3 55. Nd4 Rd3 1/2-1/2

[Event "DRUZYNOWE MISTRZOSTWA POLSKI JUNIOROW - II LIGA"]
[Site "Szczyrk, CKiR Orle Gniazdo ul. Wrzosowa 28a"]
[Date "2014-07-30"]
[Round "6.19"]
[White "Teclaf, Pawel"]
[Black "Kyc, Jerzy"]
[Result "1-0"]
[WhiteTitle "CM"]
[BlackTitle "I++"]
[WhiteElo "1979"]
[BlackElo "2096"]

1. e4 c5 2. Nf3 d6 3. d4 cxd4 4. Nxd4 Nf6 5. Nc3 a6 6. g3 e5 7. Nde2 Be7 8. Bg2
O-O 9. O-O Qc7 10. a4 b6 11. h3 Bb7 12. g4 Nbd7 13. Ng3 Rfd8 14. g5 Ne8 15. Be3
Nc5 16. h4 g6 17. Qe2 Ng7 18. Nd5 Bxd5 19. exd5 Nd7 20. h5 gxh5 21. Ra3 f5 22.
Rc3 Qb7 23. Nxh5 f4 24. Nxg7 fxe3 25. Ne6 Rdc8 26. fxe3 Rxc3 27. Qh5 Rf8 28. Nxf8
Nxf8 29. Qf7+ Kh8 30. bxc3 Qd7 31. Rf3 Qd8 32. Bh3 b5 33. axb5 axb5 34. Kh1 Ng6
35. Bf5 Nf8 36. Rh3 Bxg5 37. Rxh7+ 1-0

[Event "DRUZYNOWE MISTRZOSTWA POLSKI JUNIOROW - II LIGA"]
[Site "Szczyrk, CKiR Orle Gniazdo ul. Wrzosowa 28a"]
[Date "2014-07-30"]
[Round "6.20"]
[White "Krzeminski, Sebastian"]
[Black "Krawiec, Grzegorz"]
[Result "1-0"]
[WhiteTitle "II+"]
[BlackTitle "II"]
[WhiteElo "1704"]
[BlackElo "1564"]

1. d4 d5 2. c4 c6 3. Nf3 Nf6 4. Qc2 Bg4 5. Ne5 Bh5 6. e3 Nbd7 7. Nc3 e6 8. cxd5
exd5 9. Be2 Bg6 10. Qb3 Qc7 11. O-O Bd6 12. f4 Be4 13. Bd2 O-O 14. Rac1 Qb6 15.
g4 Qxb3 16. axb3 Nb6 17. h4 Nfd7 18. Nxe4 dxe4 19. Nc4 Be7 20. g5 f5 21. Rfd1
Nd5 22. Ne5 N7b6 23. Kf2 Rac8 24. Ra1 a6 25. Rdc1 Rfd8 26. Ba5 Bb4 27. Bc4 Bxa5
28. Rxa5 Kf8 29. h5 Ke7 30. Bf1 Nd7 31. Nc4 g6 32. Be2 Rh8 33. Rg1 Ke6 34. Raa1
c5 35. Rgd1 Rhd8 36. Ra5 cxd4 37. Rxd4 Ne7 38. Rd6+ Kf7 39. h6 Nc5 40. Ne5+ Ke8
41. Nc4 Kf7 1-0

[Event "DRUZYNOWE MISTRZOSTWA POLSKI JUNIOROW - II LIGA"]
[Site "Szczyrk, CKiR Orle Gniazdo ul. Wrzosowa 28a"]
[Date "2014-07-30"]
[Round "6.21"]
[White "Lewandowski, Wiktor"]
[Black "Urbanski, Wojciech"]
[Result "0-1"]
[WhiteTitle "II"]
[BlackTitle "II"]
[WhiteElo "1357"]
[BlackElo "1512"]

1. e4 c5 2. d4 cxd4 3. Qxd4 Nc6 4. Qe3 Nf6 5. Bd2 d6 6. Nc3 a6 7. O-O-O b5 8. f3
Bd7 9. g4 e6 10. h4 h5 11. g5 Ng8 12. f4 Qb8 13. Nf3 Ra7 14. Bh3 Na5 15. Qd4 b4
16. Ne2 Nc6 17. Qd3 a5 18. Kb1 a4 19. Nc1 Na5 20. Nd4 Ne7 21. Rde1 Nec6 22. Nxc6
Bxc6 23. f5 e5 24. Rhg1 Bb5 25. Qf3 Bc4 26. Bf1 Bxf1 27. Rgxf1 Nc6 28. Qd3 Rc7
29. Be3 Nd8 30. g6 f6 31. Re2 Be7 32. Qd5 Rb7 33. Rg2 Rb5 34. Qc4 Rf8 35. Rd1
Qb7 36. Rgd2 Qc6 37. Qxc6+ Nxc6 38. Rd5 Rxd5 39. Rxd5 Kd7 40. Rb5 Rb8 41. Rxb8
Nxb8 42. Nd3 Na6 43. Bd2 Nc5 44. Nf2 Na6 45. Nd3 Nc5 46. Nf2 b3 47. axb3 axb3
48. cxb3 Nxb3 49. Be3 Kc6 50. Kc2 Na5 51. Kc3 d5 52. exd5+ Kxd5 53. b3 Nc6 54.
Kd3 e4+ 55. Kc3 Bb4+ 56. Kb2 Nd4 57. Bf4 Nxf5 58. Nd1 Kd4 59. Kc2 e3 60. Nb2 e2
61. Nd3 e1=Q 62. Nxe1 Bxe1 63. Kd1 Bb4 64. Kc2 Nxh4 65. Bg3 Nxg6 66. Bf2+ Kd5
67. Kd3 h4 68. Bg1 Nf4+ 69. Ke3 Bc5+ 70. Kxf4 Bxg1 71. Kg4 g5 72. Kh3 Ke4 73.
Kg2 Bb6 74. b4 g4 75. b5 h3+ 76. Kh1 Kf3 77. Kh2 g3+ 78. Kh1 g2+ 79. Kh2 g1=Q+
80. Kxh3 Qg3# 0-1

[Event "DRUZYNOWE MISTRZOSTWA POLSKI JUNIOROW - II LIGA"]
[Site "Szczyrk, CKiR Orle Gniazdo ul. Wrzosowa 28a"]
[Date "2014-07-30"]
[Round "6.22"]
[White "Wilk, Radoslaw"]
[Black "Fiedorek, Michal"]
[Result "1/2-1/2"]
[WhiteTitle "II"]
[BlackTitle "II"]
[WhiteElo "1430"]
[BlackElo "1405"]

1. d4 d5 2. Nf3 Nf6 3. Bg5 Bf5 4. e3 e6 5. Nbd2 Be7 6. c3 Nbd7 7. Be2 O-O 8. Nf1
Ne4 9. Bxe7 Qxe7 10. Ng3 Bg6 11. Ne5 Nxe5 12. dxe5 Rfd8 13. f3 Nxg3 14. hxg3 Qg5
15. Qd4 Qxg3+ 16. Kd2 b6 17. Rh3 Qg5 18. g4 c5 19. f4 cxd4 20. fxg5 dxc3+ 21.
bxc3 Be4 22. Bd3 g6 23. Kc2 Bxd3+ 24. Kxd3 Kg7 25. Rah1 Rh8 26. e4 Rad8 27. exd5
Rxd5+ 28. Ke4 Ra5 29. R1h2 Ra4+ 30. Kf3 Rc4 31. Rh6 Rxc3+ 32. Ke4 Rc4+ 33. Kf3
b5 34. Rb2 b4 35. Rb3 Rhc8 36. Rh2 R8c5 37. Re2 a5 38. Rbe3 Rd5 39. a3 Rdd4 40.
axb4 axb4 41. Re4 Rxe4 42. Rxe4 Rxe4 43. Kxe4 b3 44. Kd3 b2 45. Kc2 b1=Q+ 46.
Kxb1 h6 47. Kc2 hxg5 48. Kd3 f6 49. exf6+ Kxf6 50. Ke4 e5 51. Kd5 e4 52. Kxe4
Ke6 53. Kd4 Kd6 54. Ke4 Ke6 55. Kd4 Kd6 56. Ke4 Ke6 1/2-1/2

[Event "DRUZYNOWE MISTRZOSTWA POLSKI JUNIOROW - II LIGA"]
[Site "Szczyrk, CKiR Orle Gniazdo ul. Wrzosowa 28a"]
[Date "2014-07-30"]
[Round "6.23"]
[White "Maciak, Gabriela"]
[Black "Gaudyn, Renata"]
[Result "1-0"]
[WhiteTitle "II"]
[BlackTitle "I"]
[WhiteElo "1385"]
[BlackElo "1597"]

1. e4 c5 2. d4 cxd4 3. Qxd4 Nc6 4. Qe3 a6 5. Bd2 d6 6. Nc3 Nf6 7. f4 Ng4 8. Qg3
h5 9. O-O-O h4 10. Qe1 Qb6 11. Nd5 Qf2 12. h3 Qxe1 13. Bxe1 Kd8 14. hxg4 Bxg4
15. Be2 Bxe2 16. Nxe2 Rc8 17. Bxh4 f6 18. Nb6 Rc7 19. e5 g5 20. exd6 exd6 21.
fxg5 Rch7 22. g3 Ne5 23. Nf4 Kc7 24. Nbd5+ Kc6 25. Nxf6 Rc7 26. Ne6 Rc8 27. Nf4
Rc7 28. Nd3 Nxd3+ 29. Rxd3 b5 30. Rhd1 Be7 31. Nd5 Rd7 32. Nxe7+ Rxe7 33. Rxd6+
Kc7 34. Rxa6 Rf8 35. Ra7+ 1-0

[Event "DRUZYNOWE MISTRZOSTWA POLSKI JUNIOROW - II LIGA"]
[Site "Szczyrk, CKiR Orle Gniazdo ul. Wrzosowa 28a"]
[Date "2014-07-30"]
[Round "6.24"]
[White "Waszczuk, Patrycja"]
[Black "Karykowska, Anna"]
[Result "0-1"]
[WhiteTitle "I"]
[BlackTitle "I+"]
[WhiteElo "1519"]
[BlackElo "1528"]

1. e4 c5 2. Nf3 a6 3. d4 cxd4 4. Nxd4 Nf6 5. Nc3 e5 6. Nf3 Bb4 7. Bd3 d5 8. exd5
e4 9. Bxe4 Nxe4 10. Qd4 Bxc3+ 11. bxc3 O-O 12. O-O Nf6 13. Bg5 Nbd7 14. Rfe1 Qb6
15. Qd2 Qd6 16. Rad1 b6 17. c4 Bb7 18. Qd4 Rfe8 19. Bxf6 Nxf6 20. Ne5 Rab8 21.
Rb1 Ba8 22. a4 h6 23. Rb3 Nd7 24. Rbe3 Nxe5 25. Rxe5 Rxe5 26. Rxe5 Qb4 27. h3
Qxa4 28. c3 Qd7 29. Re3 b5 30. Rg3 g6 31. Rd3 bxc4 32. Qxc4 Qb7 33. Kh2 Rd8 34.
f3 Rxd5 35. Rxd5 Qxd5 36. Qxa6 Bb7 37. Qe2 Qg5 38. Qe8+ Kg7 39. Qd7 Qf4+ 40. Kg1
Ba6 41. Qa7 Bc4 42. Qa5 Qe3+ 43. Kh2 Bf1 44. Qc7 Qf2 45. Qe5+ Kh7 46. Qg3 Qxg3+
47. Kxg3 Kg7 48. Kf2 Ba6 49. Ke3 Kf6 50. g3 Bf1 51. h4 Ke5 52. Kf2 Bb5 53. Ke3
f5 54. g4 f4+ 55. Kd2 g5 56. hxg5 hxg5 57. Kc2 Be2 58. Kd2 Bxf3 59. Kd3 Bxg4 60.
c4 Bf5+ 0-1